<?xml version="1.0" encoding="UTF-8"?><?xml-stylesheet type="text/xsl" href="static/style.xsl"?><OAI-PMH xmlns="http://www.openarchives.org/OAI/2.0/" xmlns:xsi="http://www.w3.org/2001/XMLSchema-instance" xsi:schemaLocation="http://www.openarchives.org/OAI/2.0/ http://www.openarchives.org/OAI/2.0/OAI-PMH.xsd"><responseDate>2026-04-27T22:05:38Z</responseDate><request verb="GetRecord" identifier="oai:uvadoc.uva.es:10324/20728" metadataPrefix="marc">https://uvadoc.uva.es/oai/request</request><GetRecord><record><header><identifier>oai:uvadoc.uva.es:10324/20728</identifier><datestamp>2021-06-23T09:43:56Z</datestamp><setSpec>com_10324_1508</setSpec><setSpec>com_10324_894</setSpec><setSpec>col_10324_20698</setSpec></header><metadata><record xmlns="http://www.loc.gov/MARC21/slim" xmlns:doc="http://www.lyncode.com/xoai" xmlns:xsi="http://www.w3.org/2001/XMLSchema-instance" xmlns:dcterms="http://purl.org/dc/terms/" xsi:schemaLocation="http://www.loc.gov/MARC21/slim http://www.loc.gov/standards/marcxml/schema/MARC21slim.xsd">
<leader>00925njm 22002777a 4500</leader>
<datafield tag="042" ind1=" " ind2=" ">
<subfield code="a">dc</subfield>
</datafield>
<datafield tag="720" ind1=" " ind2=" ">
<subfield code="a">Dueñas Herrero, Arturo</subfield>
<subfield code="e">author</subfield>
</datafield>
<datafield tag="260" ind1=" " ind2=" ">
<subfield code="c">2016</subfield>
</datafield>
<datafield tag="520" ind1=" " ind2=" ">
<subfield code="a">La RSU (responsabilidad social universitaria y sostenibilidad) constituye una parte importante del objetivo nº 5 de la Línea estratégica 1 del III Plan Estratégico de Rebiun 2011-2020 (“promover la integración de la biblioteca en los objetivos de la universidad”). Según un estudio de la Secretaría General de Universidades, junto a las tres dimensiones (social, ambiental y económica) de la sostenibilidad y la RSU, las universidades incorporan una cuarta dimensión constituida por la cultura. No hay que olvidar que las bibliotecas son una parte del servicio que las universidades ofrecen tanto a la comunidad universitaria como a sus usuarios externos y a la sociedad en general. Para dar a conocer las iniciativas de RSU y las actividades culturales organizadas por la Universidad abiertas al público en general, la utilización de las redes sociales resulta fundamental. Se propone la inclusión de una agenda cultural en los blogs de responsabilidad social de las bibliotecas universitarias que sirva, a la vez, de referencia informativa de la actividad cultural de la(s) ciudad(es) donde radica la Universidad, como de estrategia de marketing de los servicios ofrecidos por la biblioteca y la Universidad en general</subfield>
</datafield>
<datafield tag="024" ind2=" " ind1="8">
<subfield code="a">Comunicación presentada en las VII Jornadas BUCLE sobre Bibliotecas Universitarias, celebradas en León  el día 22 de septiembre de 2016</subfield>
</datafield>
<datafield tag="024" ind2=" " ind1="8">
<subfield code="a">http://uvadoc.uva.es/handle/10324/20728</subfield>
</datafield>
<datafield ind1=" " ind2=" " tag="653">
<subfield code="a">Bibliotecas universitarias</subfield>
</datafield>
<datafield ind1=" " ind2=" " tag="653">
<subfield code="a">Responsabilidad social</subfield>
</datafield>
<datafield tag="245" ind1="0" ind2="0">
<subfield code="a">La utilización de la agenda cultural en los blogs de responsabilidad social de las bibliotecas universitarias: una propuesta de marketing bibliotecario</subfield>
</datafield>
</record></metadata></record></GetRecord></OAI-PMH>